Acamdeic's Dictionary of Computer and Information Technology (Record no. 7712)
[ view plain ]
| 000 -LEADER | |
|---|---|
| fixed length control field | 00312nam a2200121 a 4500 |
| 082 ## - DEWEY DECIMAL CLASSIFICATION NUMBER | |
| Classification number | 004ANA |
| 100 1# - MAIN ENTRY--AUTHOR NAME | |
| Personal name | Anand, Pankaj |
| 245 10 - TITLE STATEMENT | |
| Title | Acamdeic's Dictionary of Computer and Information Technology |
| 260 ## - PUBLICATION, DISTRIBUTION, ETC. (IMPRINT) | |
| Place of publication | New Delhi |
| Name of publisher | Academc pub, |
| Year of publication | 2006. |
| 300 ## - PHYSICAL DESCRIPTION | |
| Number of Pages | 511 p. |
| 650 ## - SUBJECT ADDED ENTRY--TOPICAL TERM | |
| Topical Term | Dictionary of computer |
| 942 ## - ADDED ENTRY ELEMENTS (KOHA) | |
| Koha item type | Books |
| Withdrawn status | Lost status | Collection code | Home library | Current library | Date acquired | Cost, normal purchase price | Full call number | Accession Number | Koha item type |
|---|---|---|---|---|---|---|---|---|---|
| Central Library, QUEST, Nawabshah | Central Library, QUEST, Nawabshah | 01/07/2014 | 332.00 | 004ANA | 39747 | Books | |||
| Reference | Reference Section | Reference Section | 30/06/2014 | 331.00 | 004ANA (Shelf-02A) | 39615 | Books | ||
| Reference | Reference Section | Reference Section | 30/06/2014 | 331.00 | 004ANA (Shelf-02A) | 39616 | Books |